Parks and Recreation Characters by Screen Time - Statistics

General Stats
  • This quiz has been taken 195 times
  • The average score is 11 of 15
Answer Stats
Minutes Character % Correct
1155 Leslie Knope
97%
510 Ron Swanson
97%
411 Andy Dwyer
95%
401 April Ludgate
95%
497 Ben Wyatt
93%
368 Ann Perkins
91%
466 Tom Haverford
90%
230 Chris Traeger
89%
203 Jerry Gergich
87%
198 Donna Meagle
85%
68 Mark Brendanawicz
64%
33 Jean-Ralphio Saperstein
49%
41 Jeremy Jamm
44%
29 Joan Callamezzo
23%
22 Dave Sanderson
7%
No matching quizzes found
Score Distribution
Percent of People with Each Score
Percentile by Number Answered
Your Score History
You have not taken this quiz